000
00320nam a2200121Ia 4500
008
220217s9999||||xx |||||||||||||| ||und||
082
_a
621.381 5 YOG
100
_a
Yoganarasimhan, B.N
245
0
_a
Electronic circuits - II
260
_a
Shiva book centre
_b
Bangalore
_c
2001
300
_b
200
650
_a
CIRCUITRY
999
_c
167193
_d
167193